History Quiz

Random History or Chinese Quiz

Last Ten: Chinese Presidents* in Order Quiz Stats

 Plays Quiz not verified by Sporcle

Support Sporcle.
Go Orange.
Score 0/10 Timer 01:30
0 Plays Today
% Correct
???
65.4%
???
52.6%
???
42.9%
???
40.9%
???
33.1%
???
27.7%
???
21.3%
???
14.7%
???
14.1%
???
13.3%

You're not logged in!

Compare scores with friends on all Sporcle quizzes.
OR
Log In

From the Vault

The 3rd Thing You Need to Know: Arcade Video Games

by MrWhiplash

Well the first two things you need to know are "win" and "don't lose."
Remove Ads.
Support Sporcle.
Get the best of Sporcle when you Go Orange. This ad-free experience offers more features, more stats, and more fun while also helping to support Sporcle. Thank you for becoming a member.

Show Comments

Extras

Top Quizzes Today


Score Distribution

Your Account Isn't Verified!

In order to create a playlist on Sporcle, you need to verify the email address you used during registration. Go to your Sporcle Settings to finish the process.

Report this User

Report this user for behavior that violates our Community Guidelines.

Details: